| 000 | 00575cam a22002171 4500 | ||
|---|---|---|---|
| 001 | ne 64000234 | ||
| 003 | DLC | ||
| 005 | 20260227111755.0 | ||
| 008 | 881206s1961 xx ac 000 0 arar | ||
| 010 | _ane 64000234 | ||
| 035 | _a(OCoLC)23514496 | ||
| 040 |
_aDLC _cMiU _dDLC |
||
| 042 | _apremarc | ||
| 050 | 0 | 0 |
_aGV697.S5 _bH3 |
| 100 | 1 | _aḤāfiẓ, Abū al-Ḥajjāj. | |
| 245 | 1 | 3 | _aal-Baṭal ʻImād al-Shāfiʻī. |
| 260 |
_a[n. p.] _c[1961?] |
||
| 300 |
_a172 p. _billus., ports. _c20 cm. |
||
| 500 | _aRomanized. | ||
| 600 | 1 | 0 |
_aShāfiʻī, ʻImād, _d1931-1961. |
| 999 |
_c46642 _d46642 |
||